La naturaleza de la dirección estratégica

Spremljeno u:
Bibliografski detalji
Glavni autor: Guerras Martín, Luis Ángel
Daljnji autori: Navas López, José Emilio
Format: Elektronički e-knjiga
Jezik:španjolski
Izdano: [Barcelona] : UOC Papers, 2002.
Serija:Digitalia eBook Collection: UOC Papers
Teme:
Online pristup:Digitalia Hispánica
Oznake: Dodaj oznaku
Bez oznaka, Budi prvi tko označuje ovaj zapis!

MARC

LEADER 00000nam a2200000Ia 4500
001 DIGUOCAT0011
003 NyNyDIG
006 m d
007 cr |||||||||||
008 130901s2002 sp o 000 0 spa
020 |z 8484295559 (pbk.) 
040 |a DGITA  |b eng  |e pn  |c DGITA 
050 4 |a HD62.7 ebook 
100 1 |a Guerras Martín, Luis Ángel. 
245 1 3 |a La naturaleza de la dirección estratégica   |h [electronic resource] /  |c Luis Ángel Guerras Martín y José Emilio Navas López. 
260 |a [Barcelona] :  |b UOC Papers,  |c 2002.  |e (New York, NY. :  |f Digitalia Inc,   |g 2012). 
300 |a 1 online resource (44 p.) 
506 |a Access restricted to subscribing institutions. 
650 0 |a Strategic planning.  
655 0 |a Electronic books. 
700 1 |a Navas López, José Emilio. 
791 2 |a Digitalia (Firm),  |e distributor. 
830 0 |a Digitalia eBook Collection: UOC Papers 
856 4 0 |3 Digitalia Hispánica  |u https://digitalia.unach.elogim.com/a/5717/